000 00585nam a2200229Ia 4500
003 OSt
005 20220924152321.0
006 a|||||r|||| 00| 0
007 ta
008 220923b |||||||| |||| 00| 0 ara d
024 _a341973
037 _cTextual
040 _aARTS
_cARTS
_bara
041 _2ara
_aara
082 _aQ7xMMA,5, 28M1
100 _aMaudoodvi Abul Ali Au.
_9173656
245 0 _aBeeniari al-asbab
260 _c1981
650 _aISLAM
_9577
942 _hQ7xMMA,5, 28M1
_cTEXL
_2CC
999 _c469447
_d469447